[Event "Calgary int."]
[Site "Calgary CAN"]
[Date "2010.05.23"]
[Round "6"]
[White "Porper, Edward"]
[Black "Gardner, Robert"]
[Result "1-0"]
[WhiteElo "2431"]
[BlackElo "2144"]
[PlyCount "49"]
[EventDate "2010.05.20"]
[EventType "swiss"]
[EventRounds "9"]
[EventCountry "CAN"]

1. d4 Nf6 2. c4 e6 3. Nf3 b6 4. g3 Bb7 5. Bg2 Be7 6. Nc3 O-O 7. O-O Ne4 8. Bd2
Bf6 9. Rc1 c5 10. d5 exd5 11. cxd5 Nxd2 12. Nxd2 d6 13. Nde4 Be5 14. Qd2 Ba6
15. a4 Re8 16. Rfe1 g6 17. f4 Bg7 18. b4 Bb7 19. Nb5 Bf8 20. bxc5 dxc5 21. Rcd1
a6 22. Na3 f5 23. Ng5 Nd7 24. d6 Bxg2 25. Qa2+ 1-0

[Event "Calgary int."]
[Site "Calgary CAN"]
[Date "2010.05.24"]
[Round "9.5"]
[White "MacKinnon, Keith"]
[Black "Porper, Edward"]
[Result "0-1"]
[WhiteElo "2140"]
[BlackElo "2431"]
[PlyCount "144"]
[EventDate "2010.05.20"]
[EventType "swiss"]
[EventRounds "9"]
[EventCountry "CAN"]

1. e4 c6 2. Nf3 d5 3. Nc3 Bg4 4. h3 Bxf3 5. Qxf3 e6 6. d3 Nd7 7. Bd2 Bd6 8.
O-O-O d4 9. Ne2 c5 10. g4 Ne7 11. h4 Nc6 12. Bg2 Qb6 13. Qh3 Qb5 14. f4 a5 15.
e5 Be7 16. Kb1 Nb4 17. Nc1 Ra6 18. c3 Nc6 19. c4 Qa4 20. Rde1 Nb4 21. Bxb4 Qxb4
22. Qf3 Rb6 23. Qf2 a4 24. g5 O-O 25. h5 Ra6 26. Qf3 Rb6 27. Qf2 Nb8 28. Be4
Nc6 29. Rh2 Qc3 30. h6 g6 31. Rd1 a3 32. b3 Nb4 33. Qd2 Ra8 34. Bf3 Bd8 35. Be4
Qxd2 36. Rdxd2 Rb8 37. Ne2 Ra6 38. Ng3 b5 39. Rh3 Ba5 40. Rd1 Rab6 41. Rh2 Na6
42. Rg2 Bc3 43. Bf3 Ba5 44. Be2 Nb4 45. Ne4 bxc4 46. dxc4 Rc6 47. Nf2 Rc7 48.
Nd3 Na6 49. Bf3 Bc3 50. Be4 Rb6 51. Re2 Nb8 52. Nf2 Nd7 53. Bd3 Ba5 54. Ne4 Rb8
55. Nd6 Bb4 56. Be4 Nb6 57. Nb5 Rd7 58. Bc6 Rdd8 59. Nd6 Kf8 60. Be4 Ke7 61.
Bd3 Rxd6 62. exd6+ Kxd6 63. Rf1 Bc3 64. Kc1 Nd7 65. Rff2 Rf8 66. Re4 f5 67.
Ree2 Bb4 68. Kc2 Ba5 69. Kd1 Rf7 70. Rg2 e5 71. fxe5+ Nxe5 72. Rxe5 Kxe5 0-1

[Event "Edmonton int."]
[Site "Edmonton CAN"]
[Date "2009.12.17"]
[Round "1"]
[White "Porper, Edward"]
[Black "Friedel, Joshua"]
[Result "1/2-1/2"]
[WhiteElo "2445"]
[BlackElo "2551"]
[PlyCount "87"]
[EventDate "2009.12.17"]
[EventType "tourn"]
[EventRounds "9"]
[EventCountry "CAN"]
[EventCategory "7"]
[Source "Mark Crowther"]
[SourceDate "2009.12.21"]

1. d4 Nf6 2. c4 e6 3. Nf3 b6 4. g3 Bb7 5. Bg2 Be7 6. Nc3 Ne4 7. Bd2 f5 8. d5
Bf6 9. Qc2 Qe7 10. Nxe4 fxe4 11. Qxe4 Bxb2 12. Rd1 Bf6 13. Nd4 Na6 14. O-O Nc5
15. Qe3 Bxd4 16. Qxd4 e5 17. Qe3 O-O 18. Bc3 Rae8 19. Bb4 Rf6 20. f4 Ba6 21.
Bc3 d6 22. fxe5 dxe5 23. Rxf6 gxf6 24. Qf3 Qg7 25. Bb4 Bxc4 26. Bxc5 bxc5 27.
Rc1 e4 28. Qf5 Bxe2 29. Bxe4 Qh6 30. Rc3 c4 31. h4 Qg7 32. Re3 Bd3 33. Kf2 Kf8
34. Qf4 Bxe4 35. Rxe4 Rxe4 36. Qxe4 Qe7 37. Qxc4 Kg7 38. Qd4 a5 39. a4 h5 40.
Qa7 Qe5 41. Qxa5 Qd4+ 42. Kg2 Qe4+ 43. Kf2 Qd4+ 44. Kg2 1/2-1/2

[Event "Edmonton int."]
[Site "Edmonton CAN"]
[Date "2009.12.18"]
[Round "3"]
[White "Esserman, Mark"]
[Black "Porper, Edward"]
[Result "1/2-1/2"]
[WhiteElo "2408"]
[BlackElo "2445"]
[PlyCount "122"]
[EventDate "2009.12.17"]
[EventType "tourn"]
[EventRounds "9"]
[EventCountry "CAN"]
[EventCategory "7"]
[Source "Mark Crowther"]
[SourceDate "2009.12.21"]

1. e4 Nf6 2. e5 Nd5 3. c4 Nb6 4. d4 d6 5. f4 dxe5 6. fxe5 Nc6 7. Be3 Bf5 8. Nc3
e6 9. Nf3 Bg4 10. Be2 Bxf3 11. gxf3 Qd7 12. Qd2 Bb4 13. a3 Be7 14. Ne4 O-O-O
15. O-O-O f5 16. exf6 gxf6 17. Qc2 Qe8 18. f4 Kb8 19. Rhe1 Qf7 20. Bf3 e5 21.
d5 Nd4 22. Bxd4 exd4 23. Rxd4 c5 24. Rdd1 f5 25. Ng5 Bxg5 26. fxg5 h6 27. d6
Rd7 28. Bd5 Qg6 29. Be6 Qxg5+ 30. Kb1 Rdd8 31. d7 Qf4 32. Re2 Rhf8 33. Rf2 Qe5
34. Re2 Qf4 35. a4 Qc7 36. Bxf5 Nxa4 37. Qxa4 Rxf5 38. Re8 Rf7 39. Qb5 a6 40.
Rxd8+ Qxd8 41. Qa4 Kc7 42. Qa3 Rxd7 43. Qxc5+ Kb8 44. Qe5+ Ka8 45. Rd5 Qc8 46.
Qd4 Rxd5 47. cxd5 Qd8 48. Qe5 Qg5 49. Qh8+ Ka7 50. Qd4+ Kb8 51. h4 Qf5+ 52. Ka2
Kc7 53. Qg7+ Qd7 54. Qe5+ Qd6 55. Qd4 Qg6 56. Ka3 h5 57. b3 Qd6+ 58. Kb2 Qh2+
59. Kc3 Qh3+ 60. Kb2 Qh2+ 61. Kc3 Qh3+ 1/2-1/2

[Event "Edmonton int."]
[Site "Edmonton CAN"]
[Date "2009.12.19"]
[Round "4"]
[White "Porper, Edward"]
[Black "MacKinnon, Keith"]
[Result "1-0"]
[WhiteElo "2445"]
[BlackElo "2125"]
[PlyCount "73"]
[EventDate "2009.12.17"]
[EventType "tourn"]
[EventRounds "9"]
[EventCountry "CAN"]
[EventCategory "7"]
[Source "Mark Crowther"]
[SourceDate "2009.12.21"]

1. d4 Nf6 2. c4 e6 3. Nf3 b6 4. g3 Ba6 5. b3 d5 6. cxd5 exd5 7. Bg2 Bb4+ 8. Bd2
Bd6 9. Nc3 O-O 10. O-O Re8 11. Re1 Nbd7 12. Qc2 Rc8 13. Nh4 Bb7 14. Nb5 a6 15.
Na7 Ra8 16. Nc6 Qc8 17. Bh3 Ne4 18. Be3 g6 19. Bh6 Bf8 20. Bxf8 Kxf8 21. Ne5 f5
22. Nhf3 c5 23. Qb2 Nxe5 24. Nxe5 Qe6 25. e3 Rac8 26. Rac1 Ng5 27. Bg2 Nf7 28.
Nd3 Qd6 29. dxc5 bxc5 30. Red1 g5 31. b4 cxb4 32. Rxc8 Rxc8 33. Nxb4 Rc5 34.
Qd2 Ne5 35. h3 Rc4 36. Nxd5 Ra4 37. Qb2 1-0

[Event "Edmonton int."]
[Site "Edmonton CAN"]
[Date "2009.12.19"]
[Round "5"]
[White "Kraai, Jesse"]
[Black "Porper, Edward"]
[Result "1-0"]
[WhiteElo "2509"]
[BlackElo "2445"]
[PlyCount "67"]
[EventDate "2009.12.17"]
[EventType "tourn"]
[EventRounds "9"]
[EventCountry "CAN"]
[EventCategory "7"]
[Source "Mark Crowther"]
[SourceDate "2009.12.21"]

1. Nf3 d5 2. d4 c6 3. c4 Nf6 4. e3 Bf5 5. Nc3 e6 6. Nh4 Bg6 7. Nxg6 hxg6 8. Bd2
Nbd7 9. cxd5 exd5 10. Bd3 Bd6 11. h3 Qe7 12. Rc1 g5 13. O-O Ne4 14. Bxe4 dxe4
15. f3 Nf6 16. Nxe4 Nxe4 17. fxe4 Qxe4 18. Qb3 Qe7 19. e4 f6 20. e5 fxe5 21.
dxe5 Bc5+ 22. Kh1 O-O-O 23. Rf7 Rxd2 24. Rxe7 Bxe7 25. Rd1 Rxd1+ 26. Qxd1 Kc7
27. Qd4 a6 28. Qc4 Rh4 29. Qe6 Bc5 30. Qf7+ Kb6 31. Qxg7 Re4 32. Qxg5 Bd4 33.
Qd2 Bxe5 34. g4 1-0

[Event "Edmonton int."]
[Site "Edmonton CAN"]
[Date "2009.12.20"]
[Round "7"]
[White "Mikhalevski, Victor"]
[Black "Porper, Edward"]
[Result "1-0"]
[WhiteElo "2607"]
[BlackElo "2445"]
[PlyCount "97"]
[EventDate "2009.12.17"]
[EventType "tourn"]
[EventRounds "9"]
[EventCountry "CAN"]
[EventCategory "7"]
[Source "Mark Crowther"]
[SourceDate "2009.12.21"]

1. d4 d5 2. c4 c6 3. Nf3 Nf6 4. Nc3 a6 5. c5 Nbd7 6. Bf4 Nh5 7. Bg5 Qc7 8. e4
dxe4 9. Nxe4 Ndf6 10. Nc3 h6 11. Bd2 Nf4 12. Qb3 N4d5 13. Bc4 Be6 14. O-O Rd8
15. Ne5 Bf5 16. Bf4 Qc8 17. Bg3 g6 18. Na4 e6 19. Bxd5 Nxd5 20. Nc4 Rd7 21.
Nab6 Nxb6 22. Nxb6 Qd8 23. Be5 Rg8 24. Rfe1 Be7 25. Nxd7 Qxd7 26. Rac1 f6 27.
Bd6 Kf7 28. h3 h5 29. Bxe7 Qxe7 30. d5 cxd5 31. c6 bxc6 32. Rxc6 Rd8 33. Rec1
Rd7 34. Qb8 d4 35. Rc7 e5 36. Qh8 g5 37. Rxd7 Bxd7 38. Rc7 h4 39. Rb7 Qe8 40.
Qh7+ Ke6 41. Rb6+ Kd5 42. Rxf6 e4 43. Qg7 d3 44. Rxa6 Bb5 45. Rg6 e3 46. Rxg5+
Kc6 47. Qc3+ Kb7 48. Rg7+ Ka6 49. Qa3+ 1-0

[Event "Edmonton int."]
[Site "Edmonton CAN"]
[Date "2009.12.21"]
[Round "9.5"]
[White "Pechenkin, Vladimir"]
[Black "Porper, Edward"]
[Result "1/2-1/2"]
[WhiteElo "2372"]
[BlackElo "2445"]
[PlyCount "72"]
[EventDate "2009.12.17"]
[EventType "tourn"]
[EventRounds "9"]
[EventCountry "CAN"]
[EventCategory "7"]

1. c4 e5 2. Nc3 Nf6 3. Nf3 Nc6 4. e4 Bc5 5. Nxe5 Nxe5 6. d4 Nxe4 7. Nxe4 Bb4+
8. Bd2 Bxd2+ 9. Qxd2 Ng6 10. Be2 O-O 11. Nc3 d6 12. O-O Bf5 13. Rfe1 c6 14. b4
Re8 15. Rad1 a5 16. b5 h6 17. bxc6 bxc6 18. d5 c5 19. Nb5 Re5 20. Bf1 Ra6 21.
f4 Rxe1 22. Rxe1 a4 23. a3 Bd7 24. Qe3 Qf6 25. g3 Ra8 26. Qc3 Qxc3 27. Nxc3 Rb8
28. Rb1 Rxb1 29. Nxb1 Ne7 30. Nc3 Nc8 31. Bd3 Kf8 32. Kf2 Nb6 33. Nd1 Ke7 34.
Ne3 Kf6 35. Kf3 Bc8 36. g4 g6 1/2-1/2

[Event "CAN-ch"]
[Site "Guelph CAN"]
[Date "2009.08.08"]
[Round "1"]
[White "Henry, Liam"]
[Black "Porper, Edward"]
[Result "1/2-1/2"]
[WhiteElo "2270"]
[BlackElo "2556"]
[PlyCount "80"]
[EventDate "2009.08.08"]
[EventType "swiss"]
[EventRounds "9"]
[EventCountry "CAN"]

1. d4 Nf6 2. c4 e5 3. dxe5 Ng4 4. Bf4 Nc6 5. Nf3 Bb4+ 6. Nbd2 Qe7 7. a3 Ngxe5
8. Nxe5 Nxe5 9. e3 Bxd2+ 10. Qxd2 O-O 11. Be2 d6 12. O-O b6 13. b4 Bb7 14. Rac1
Rad8 15. Qc3 Nd7 16. Bg3 f5 17. Rfe1 Kh8 18. Bf1 Rde8 19. Red1 Qe6 20. c5 bxc5
21. Bb5 Re7 22. Bxd7 Qxd7 23. bxc5 Qc6 24. f3 d5 25. Be5 Rfe8 26. Bd4 Ba6 27.
Rb1 Qh6 28. f4 c6 29. Be5 Bb5 30. Rd2 Re6 31. a4 Ba6 32. Rdb2 Kg8 33. Rb8 Bc8
34. Ra8 R6e7 35. Rbb8 Qe6 36. h3 h6 37. Kh2 Kh7 38. Qa5 Qd7 39. Qc3 Qe6 40. Kh1
Qd7 1/2-1/2

[Event "CAN-ch"]
[Site "Guelph CAN"]
[Date "2009.08.09"]
[Round "2"]
[White "Porper, Edward"]
[Black "Martchenko, Alexander"]
[Result "0-1"]
[WhiteElo "2556"]
[BlackElo "2300"]
[PlyCount "98"]
[EventDate "2009.08.08"]
[EventType "swiss"]
[EventRounds "9"]
[EventCountry "CAN"]

1. d4 Nf6 2. c4 e6 3. Nf3 b6 4. g3 Bb7 5. Bg2 Be7 6. Nc3 Ne4 7. Bd2 O-O 8. d5
Nd6 9. b3 f5 10. O-O Bf6 11. Rc1 Qe7 12. Ne1 a5 13. Nd3 Na6 14. Re1 Rae8 15.
Qc2 Qf7 16. Rcd1 Kh8 17. e3 e5 18. e4 Bc8 19. f4 Nb4 20. Nxb4 axb4 21. Nb5 Nxb5
22. cxb5 d6 23. Rc1 exf4 24. Qxc7 Bd4+ 25. Kh1 Re7 26. Qxd6 Be5 27. Qxb6 fxg3
28. Qc5 f4 29. Bf3 Ree8 30. Bxb4 g5 31. Bc3 g4 32. Bxe5+ Rxe5 33. Qd6 Ree8 34.
Rxc8 Qh5 35. Rc2 gxf3 36. Qc5 f2 37. Rxf2 gxf2 38. Qxf2 Qe5 39. b6 Rf7 40. a4
Rg8 41. Qf3 Rfg7 42. Qf2 Rf8 43. Qc5 Rfg8 44. Qf2 Rf7 45. Qf3 Qd4 46. b7 Rfg7
47. Qf1 Qd2 48. Rd1 Qe3 49. Re1 Rg1+ 0-1

[Event "CAN-ch"]
[Site "Guelph CAN"]
[Date "2009.08.10"]
[Round "3"]
[White "Jung, Hans"]
[Black "Porper, Edward"]
[Result "1/2-1/2"]
[WhiteElo "2150"]
[BlackElo "2556"]
[PlyCount "80"]
[EventDate "2009.08.08"]
[EventType "swiss"]
[EventRounds "9"]
[EventCountry "CAN"]

1. e4 e6 2. d4 d5 3. exd5 exd5 4. Nf3 Nc6 5. Bf4 Bd6 6. Bxd6 Qxd6 7. c3 Nf6 8.
Bd3 O-O 9. O-O Ne4 10. Nbd2 f5 11. Qb3 Kh8 12. Rfe1 Be6 13. Qc2 Qf4 14. Re2 Rf6
15. Nf1 g5 16. Qc1 Qxc1 17. Rxc1 g4 18. N3d2 Rg8 19. Bb5 Ne7 20. c4 Nxd2 21.
Nxd2 c6 22. Rce1 Rgg6 23. cxd5 Nxd5 24. Bc4 b5 25. Bxd5 Bxd5 26. Re8+ Kg7 27.
R1e7+ Rf7 28. Rxf7+ Bxf7 29. Ra8 Rd6 30. Nb3 Rd7 31. Kf1 Re7 32. f3 gxf3 33.
gxf3 f4 34. Nc1 Kf6 35. b3 Kg5 36. Kf2 Bd5 37. Nd3 Re3 38. Ne1 Re7 39. Nd3 Re3
40. Ne1 Re7 1/2-1/2

[Event "CAN-ch"]
[Site "Guelph CAN"]
[Date "2009.08.11"]
[Round "4"]
[White "Porper, Edward"]
[Black "MacKinnon, Keith"]
[Result "1-0"]
[WhiteElo "2556"]
[BlackElo "2244"]
[PlyCount "79"]
[EventDate "2009.08.08"]
[EventType "swiss"]
[EventRounds "9"]
[EventCountry "CAN"]

1. d4 Nf6 2. c4 e6 3. Nf3 b6 4. g3 Bb7 5. Bg2 Bb4+ 6. Bd2 a5 7. O-O O-O 8. Bf4
Be7 9. Nc3 d6 10. Qc2 Nbd7 11. e4 Nh5 12. Be3 f5 13. exf5 exf5 14. d5 Bf6 15.
Nb5 g6 16. Nfd4 Nc5 17. Nc6 Qd7 18. Bd4 Bxc6 19. dxc6 Qg7 20. Bxf6 Nxf6 21. Qc3
Rf7 22. Rfe1 Nfe4 23. Qxg7+ Kxg7 24. Re3 Kf8 25. g4 f4 26. Rxe4 Nxe4 27. Bxe4
Re7 28. f3 Rc8 29. Nc3 Rf7 30. h4 Re8 31. Kf2 Re5 32. Nd5 Kg7 33. b3 h6 34. a3
Re8 35. Rd1 Rd8 36. Rd4 Rc8 37. Bd3 g5 38. h5 Kf8 39. Bf5 Rd8 40. Re4 1-0

[Event "CAN-ch"]
[Site "Guelph CAN"]
[Date "2009.08.12"]
[Round "5"]
[White "Hambleton, Aman"]
[Black "Porper, Edward"]
[Result "1/2-1/2"]
[WhiteElo "2234"]
[BlackElo "2556"]
[PlyCount "119"]
[EventDate "2009.08.08"]
[EventType "swiss"]
[EventRounds "9"]
[EventCountry "CAN"]

1. d4 d5 2. c4 c6 3. Nc3 Nf6 4. e3 a6 5. Nf3 b5 6. b3 Bg4 7. h3 Bxf3 8. gxf3
Nbd7 9. f4 e6 10. c5 a5 11. Bd3 Be7 12. Bd2 g6 13. Qc2 Nh5 14. O-O-O Bf6 15. a4
b4 16. Ne2 Qe7 17. Kb1 Kd8 18. Bc1 Kc7 19. Ng3 Ng7 20. f3 Bh4 21. Qh2 f5 22.
Ne2 Nh5 23. Bd2 Kb7 24. Be1 Bf6 25. e4 Bh4 26. Bd2 Rad8 27. e5 Rhg8 28. Rhg1
Rg7 29. Be3 Rdg8 30. Bf2 h6 31. Bc2 Nf8 32. Rdf1 Bxf2 33. Qxf2 g5 34. Rg2 Ng6
35. fxg5 hxg5 36. Rfg1 Ngf4 37. Nxf4 Nxf4 38. Rg3 Rh8 39. Qf1 Rh5 40. Bd3 Nxd3
41. Qxd3 f4 42. Rg4 Rxh3 43. Qf1 Rh2 44. R4g2 Rxg2 45. Rxg2 Rh7 46. Qg1 Rh5 47.
Kc1 Qg7 48. Rh2 Qh6 49. Rxh5 Qxh5 50. Qg4 Qh1+ 51. Kd2 Qa1 52. Qxe6 Qxd4+ 53.
Ke2 Qe3+ 54. Kf1 Qxf3+ 55. Kg1 Qd1+ 56. Kg2 Qc2+ 57. Kf3 Qh7 58. Qd6 Qh3+ 59.
Kf2 Qh2+ 60. Kf1 1/2-1/2

[Event "CAN-ch"]
[Site "Guelph CAN"]
[Date "2009.08.13"]
[Round "6"]
[White "Porper, Edward"]
[Black "Kaminski, Thomas"]
[Result "1-0"]
[WhiteElo "2556"]
[BlackElo "2183"]
[PlyCount "113"]
[EventDate "2009.08.08"]
[EventType "swiss"]
[EventRounds "9"]
[EventCountry "CAN"]

1. d4 Nf6 2. c4 g6 3. Nc3 Bg7 4. e4 d6 5. Be2 O-O 6. Nf3 Na6 7. O-O e5 8. Re1
Qe8 9. Bf1 Bg4 10. d5 Qe7 11. h3 Bd7 12. a3 c5 13. dxc6 bxc6 14. b4 Nc7 15. Be3
Ne6 16. Qd2 Rfd8 17. Rad1 Bc8 18. Qc2 Bb7 19. Qb3 Qf8 20. Rd2 Bh6 21. Qd1 Bxe3
22. Rxe3 c5 23. Nd5 Nd7 24. Qa4 Nd4 25. Nxd4 exd4 26. Rg3 Bxd5 27. cxd5 f5 28.
exf5 Qxf5 29. Qa6 Ne5 30. Qa5 Qf7 31. bxc5 Qxd5 32. f4 Nf7 33. Rc2 Rdc8 34. Bc4
Qf5 35. Qd2 dxc5 36. Rg5 Qf6 37. f5 Kg7 38. Bxf7 Kxf7 39. fxg6+ hxg6 40. Rgxc5
Rxc5 41. Rxc5 Qd6 42. Qa2+ Kf6 43. Qc4 Qf4 44. Rd5 Qe3+ 45. Kh2 Qf4+ 46. Kh1
Re8 47. Qxd4+ Qxd4 48. Rxd4 a5 49. Rd5 Re5 50. Rxe5 Kxe5 51. a4 Kf4 52. Kg1 Kg3
53. Kf1 Kh2 54. Kf2 g5 55. Kf3 Kg1 56. g3 Kh2 57. h4 1-0

[Event "CAN-ch"]
[Site "Guelph CAN"]
[Date "2009.08.14"]
[Round "7"]
[White "Sapozhnikov, Roman"]
[Black "Porper, Edward"]
[Result "1/2-1/2"]
[WhiteElo "2372"]
[BlackElo "2556"]
[PlyCount "114"]
[EventDate "2009.08.08"]
[EventType "swiss"]
[EventRounds "9"]
[EventCountry "CAN"]

1. e4 e5 2. Nf3 Nc6 3. Bb5 d6 4. d4 Bd7 5. O-O exd4 6. Bxc6 Bxc6 7. Qxd4 Nf6 8.
Re1 Be7 9. c4 O-O 10. Nc3 Nd7 11. Bf4 Bf6 12. Qd2 Nc5 13. Nd4 Re8 14. f3 a5 15.
b3 Be5 16. Rad1 Bd7 17. Bxe5 Rxe5 18. Qf2 Na6 19. f4 Rh5 20. f5 Nb4 21. Nf3 Nc6
22. g4 Rh6 23. g5 Rh5 24. Ne2 Rxg5+ 25. Nxg5 Qxg5+ 26. Qg3 Qxg3+ 27. hxg3 Ne5
28. Kg2 g6 29. Nd4 a4 30. Nf3 Nxf3 31. Kxf3 axb3 32. axb3 Ra3 33. Rd3 gxf5 34.
e5 Bc6+ 35. Kf4 Be4 36. exd6 cxd6 37. Rde3 Ra2 38. R3e2 Ra3 39. Rb2 d5 40. cxd5
Bxd5 41. Re3 Be6 42. b4 Ra1 43. Ke5 Kg7 44. b5 Rd1 45. b6 Rd5+ 46. Kf4 Rd4+ 47.
Kf3 Bd5+ 48. Kf2 f4 49. Re7 Kf6 50. Rc7 fxg3+ 51. Kxg3 h5 52. Kf2 h4 53. Ke3
Rg4 54. Rb5 Ke6 55. Rcc5 Rg3+ 56. Kd4 Rg4+ 57. Ke3 Rg3+ 1/2-1/2

[Event "CAN-ch"]
[Site "Guelph CAN"]
[Date "2009.08.15"]
[Round "8"]
[White "Porper, Edward"]
[Black "Jiang, Louie"]
[Result "1/2-1/2"]
[WhiteElo "2556"]
[BlackElo "2268"]
[PlyCount "152"]
[EventDate "2009.08.08"]
[EventType "swiss"]
[EventRounds "9"]
[EventCountry "CAN"]

1. d4 d5 2. c4 e6 3. Nc3 Nf6 4. cxd5 exd5 5. Bg5 Be7 6. e3 c6 7. Bd3 Nbd7 8.
Qc2 O-O 9. Nge2 Re8 10. O-O Nf8 11. f3 Be6 12. Rae1 Rc8 13. Kh1 a6 14. Na4 h6
15. Bh4 Bd7 16. Qb3 b5 17. Nac3 Be6 18. Qd1 Qb6 19. Bf2 c5 20. dxc5 Bxc5 21.
Nd4 Bb4 22. Nde2 Bc5 23. Qd2 Bd7 24. Nd4 Bb4 25. Rc1 Ne6 26. a3 Nxd4 27. exd4
Bd6 28. Rfe1 Qb8 29. g3 Rxe1+ 30. Rxe1 Re8 31. Na2 Rxe1+ 32. Qxe1 Qc8 33. Qc3
Qe8 34. Nb4 Bxb4 35. Qxb4 Qc8 36. Qc5 Bf5 37. Qxc8+ Bxc8 38. g4 Nh7 39. Kg2 Ng5
40. Be3 Ne6 41. Bc2 g5 42. Bb3 Bb7 43. Kf2 f5 44. Ke2 fxg4 45. fxg4 Bc6 46. Kd3
Kf7 47. Bd2 Kg6 48. Bd1 Bd7 49. Kc3 Nd8 50. Bf3 Bc6 51. Be1 Nb7 52. Bg3 Kf6 53.
Bc7 a5 54. Be5+ Kf7 55. Be2 Bd7 56. h3 Bc6 57. Bd3 Bd7 58. b3 Nd8 59. Bc7 Nb7
60. Bc2 Kf6 61. a4 bxa4 62. bxa4 Bc6 63. Kb3 Bd7 64. Bd3 Ke7 65. Bb5 Be8 66.
Be5 Nd8 67. Kc3 Bd7 68. Bc7 Nb7 69. Kb3 Be8 70. Ba6 Bc6 71. Bxb7 Bxb7 72. Bxa5
Ba6 73. Bb4+ Kd7 74. Bf8 Bf1 75. Bxh6 Bxh3 76. Kb4 Kc6 1/2-1/2

[Event "Dresden ZMD op"]
[Site "Dresden GER"]
[Date "2009.07.29"]
[Round "5"]
[White "Porper, Edward"]
[Black "Nuber, Korbinian"]
[Result "1/2-1/2"]
[WhiteElo "2448"]
[BlackElo "2168"]
[PlyCount "85"]
[EventDate "2009.07.25"]
[EventType "swiss"]
[EventRounds "9"]
[EventCountry "GER"]
[Source "Mark Crowther"]
[SourceDate "2009.08.03"]

1. d4 g6 2. c4 Bg7 3. e4 d6 4. Be2 e5 5. d5 f5 6. exf5 Bxf5 7. Nf3 Nf6 8. Nc3
O-O 9. Be3 c5 10. dxc6 bxc6 11. O-O Qc7 12. Qd2 Na6 13. Rfd1 Rad8 14. Nh4 Be6
15. Rac1 Nb8 16. b4 Qe7 17. Nf3 Bf5 18. Bg5 Qe6 19. b5 cxb5 20. cxb5 Kh8 21.
Nd5 Qxd5 22. Qxd5 Nxd5 23. Rxd5 Rd7 24. Rcd1 h6 25. Be3 Rfd8 26. b6 axb6 27.
Nh4 Be4 28. Bg4 Bf6 29. Bxd7 Bxd5 30. Rxd5 Rxd7 31. Nf3 Kg7 32. Nd2 Be7 33. Ne4
g5 34. Kf1 Kf7 35. Ke2 Ke6 36. Nc3 Nc6 37. a3 Bd8 38. Rd1 Rb7 39. Na4 Ne7 40.
Nc5+ dxc5 41. Rxd8 Nc6 42. Rh8 Kd5 43. Rxh6 1/2-1/2

[Event "Dresden ZMD op"]
[Site "Dresden GER"]
[Date "2009.07.30"]
[Round "6"]
[White "Liebscher, Helmar"]
[Black "Porper, Edward"]
[Result "1/2-1/2"]
[WhiteElo "2102"]
[BlackElo "2448"]
[PlyCount "85"]
[EventDate "2009.07.25"]
[EventType "swiss"]
[EventRounds "9"]
[EventCountry "GER"]
[Source "Mark Crowther"]
[SourceDate "2009.08.03"]

1. e4 d6 2. d4 Nf6 3. Bd3 e5 4. c3 c6 5. Ne2 Be7 6. Nd2 O-O 7. O-O Re8 8. f4
Bf8 9. Qc2 Nbd7 10. Nf3 h6 11. a4 Qc7 12. Ng3 c5 13. dxe5 dxe5 14. fxe5 Ng4 15.
Bb5 a6 16. Bxd7 Bxd7 17. Bf4 c4 18. h3 Bc5+ 19. Kh1 Be3 20. Nh5 Bxf4 21. Nxf4
Nxe5 22. Nd5 Qc5 23. Qf2 Qxf2 24. Rxf2 Nd3 25. Re2 Rac8 26. Ne1 Rc5 27. Nb6 Bc6
28. b4 Rg5 29. Nxc4 Rxe4 30. Rxe4 Nf2+ 31. Kh2 Nxe4 32. Nf3 Rd5 33. Nce5 Nxc3
34. Nxc6 bxc6 35. Rc1 Nxa4 36. Rxc6 Rb5 37. Rxa6 Rxb4 38. Ra8+ Kh7 39. Ne5 f6
40. Nd7 Kg6 41. Ra7 Kf5 42. Nf8 g5 43. Ra5+ 1/2-1/2

[Event "Dresden ZMD op"]
[Site "Dresden GER"]
[Date "2009.07.31"]
[Round "7"]
[White "Porper, Edward"]
[Black "Buechmann, Ole"]
[Result "1-0"]
[WhiteElo "2448"]
[BlackElo "2133"]
[PlyCount "53"]
[EventDate "2009.07.25"]
[EventType "swiss"]
[EventRounds "9"]
[EventCountry "GER"]
[Source "Mark Crowther"]
[SourceDate "2009.08.03"]

1. d4 d6 2. c4 f5 3. Nf3 Nf6 4. g3 g6 5. Bg2 Bg7 6. O-O O-O 7. b4 e5 8. dxe5
Nfd7 9. Bb2 Nxe5 10. Qd5+ Kh8 11. Nxe5 dxe5 12. Bxe5 c6 13. Bxg7+ Kxg7 14. Qe5+
Qf6 15. Qxf6+ Kxf6 16. Nc3 Be6 17. c5 Na6 18. a3 Rad8 19. Rad1 Nc7 20. e4 Ke7
21. Rfe1 f4 22. Nd5+ cxd5 23. exd5 f3 24. Bh3 Rxd5 25. Rxd5 Nxd5 26. Bxe6 Nc3
27. Bd5+ 1-0

[Event "Dresden ZMD op"]
[Site "Dresden GER"]
[Date "2009.08.01"]
[Round "8"]
[White "Porper, Edward"]
[Black "Blodstein, Boris"]
[Result "1-0"]
[WhiteElo "2448"]
[BlackElo "2194"]
[PlyCount "75"]
[EventDate "2009.07.25"]
[EventType "swiss"]
[EventRounds "9"]
[EventCountry "GER"]
[Source "Mark Crowther"]
[SourceDate "2009.08.03"]

1. d4 c5 2. d5 d6 3. c4 Nf6 4. Nc3 g6 5. h3 Bg7 6. Nf3 O-O 7. e4 e6 8. Bd3 exd5
9. cxd5 Na6 10. O-O Nc7 11. a4 b6 12. Bf4 Ba6 13. Re1 Bxd3 14. Qxd3 Nce8 15.
Nd2 Nd7 16. Bg3 a6 17. Rad1 Qb8 18. Rb1 Ne5 19. Qe2 f6 20. f4 Nf7 21. b4 Qc8
22. Rec1 Rb8 23. bxc5 bxc5 24. Rxb8 Qxb8 25. Rb1 Qa7 26. Nc4 Nc7 27. Qb2 Qa8
28. Qb7 Qd8 29. Kh2 Re8 30. Qa7 f5 31. Rb7 Bxc3 32. Rxc7 Qf6 33. Qxa6 Rxe4 34.
Nb6 Re8 35. Qb5 Re3 36. Nd7 Qd8 37. Qb7 Re8 38. Nxc5 1-0

[Event "Dresden ZMD op"]
[Site "Dresden GER"]
[Date "2009.08.02"]
[Round "9"]
[White "Heinig, Wolfram"]
[Black "Porper, Edward"]
[Result "0-1"]
[WhiteElo "2334"]
[BlackElo "2448"]
[PlyCount "76"]
[EventDate "2009.07.25"]
[EventType "swiss"]
[EventRounds "9"]
[EventCountry "GER"]
[Source "Mark Crowther"]
[SourceDate "2009.08.03"]

1. d4 Nf6 2. c4 e5 3. dxe5 Ng4 4. Nf3 Nc6 5. Nc3 Ngxe5 6. e3 Bc5 7. Be2 O-O 8.
O-O a5 9. Na4 Be7 10. Bd2 d6 11. Nc3 Bf6 12. Rc1 g6 13. b3 Bg7 14. Nd5 Nxf3+
15. Bxf3 Ne5 16. Be2 c6 17. Nf4 Qe7 18. Bc3 Rd8 19. Qd2 Qc7 20. Rfd1 a4 21. Qb2
Bf5 22. Rd2 Qe7 23. Rcd1 axb3 24. axb3 Qf6 25. Bd4 Re8 26. h3 h5 27. Kh1 Be4
28. Bd3 Bxd3 29. Nxd3 Qf5 30. Ne1 g5 31. Nd3 g4 32. hxg4 hxg4 33. Nf4 g3 34.
fxg3 Qg5 35. Ne2 Qh5+ 36. Kg1 Ng4 37. Nf4 Qh2+ 38. Kf1 c5 0-1

[Event "CAN-op"]
[Site "Edmonton CAN"]
[Date "2009.07.13"]
[Round "3.12"]
[White "Davies, Lucas"]
[Black "Porper, Edward"]
[Result "1/2-1/2"]
[WhiteElo "2244"]
[BlackElo "2448"]
[PlyCount "39"]
[EventDate "2009.07.11"]
[EventType "swiss"]
[EventRounds "9"]
[EventCountry "CAN"]

1. e4 e6 2. d4 d5 3. Nd2 c5 4. exd5 Qxd5 5. Ngf3 cxd4 6. Bc4 Qd6 7. O-O Nf6 8.
Nb3 Nc6 9. Nbxd4 Nxd4 10. Nxd4 a6 11. Re1 Qc7 12. Bb3 Bd6 13. Nf5 Bxh2+ 14. Kh1
O-O 15. Nxg7 Kxg7 16. Qd4 e5 17. Qh4 Ng4 18. Bh6+ Nxh6 19. Qg5+ Kh8 20. Qf6+
1/2-1/2

[Event "CAN-op"]
[Site "Edmonton CAN"]
[Date "2009.07.14"]
[Round "4.10"]
[White "Porper, Edward"]
[Black "Moloney, Nicholas"]
[Result "1-0"]
[WhiteElo "2510"]
[BlackElo "2230"]
[PlyCount "65"]
[EventDate "2009.07.11"]
[EventType "swiss"]
[EventRounds "9"]
[EventCountry "CAN"]

1. d4 Nf6 2. c4 e6 3. Nf3 Bb4+ 4. Bd2 Qe7 5. g3 Nc6 6. Nc3 d5 7. cxd5 exd5 8.
Bg2 O-O 9. O-O a5 10. Bg5 Bxc3 11. bxc3 h6 12. Bxf6 Qxf6 13. Ne1 Rd8 14. Nd3
Bf5 15. Nf4 Ne7 16. e3 c6 17. Qe2 Ng6 18. Nd3 Re8 19. a4 Re7 20. Rab1 h5 21.
Rb6 Qg5 22. Nc5 h4 23. Rxb7 Rxb7 24. Nxb7 h3 25. Bh1 Re8 26. Nxa5 Re6 27. Nb7
Bg4 28. Bf3 f5 29. Bxg4 fxg4 30. Nc5 Re8 31. a5 Qf5 32. a6 Rb8 33. e4 1-0